| 000 | 02686cam a22005414i 4500 | ||
|---|---|---|---|
| 003 | PE-LiUPU | ||
| 005 | 20251015094307.0 | ||
| 008 | 150625s1891 sp r 000 0 spa d | ||
| 035 | _a(Sirsi) a35025 | ||
| 040 |
_aPE-LiUPU _bspa _cPE-LiUPU _dPE-LiUPU _erda |
||
| 049 | _aPRUA | ||
| 082 | 0 | 4 |
_a270.6 _bF57 _221 |
| 100 | 1 |
_aFisher, Jorge, _eautor. |
|
| 245 | 1 | 0 |
_aHistoria de la Reformación / _cJorge Fisher. |
| 264 | 1 |
_aBarcelona : _bTalleres graficos, _c1891. |
|
| 300 |
_a498 páginas ; _c23 centímetros |
||
| 336 |
_atext _2rdacontent |
||
| 337 |
_aunmediated _2rdamedia |
||
| 338 |
_avolume _2rdacarrier |
||
| 505 | 0 | _aCuatro secesos principales de la historia moderna -- Desarrollo de la Jerarquía papal y su decadencia debida a la centralización de las naciones -- Anarquía en Italia: época de la pornocracia -- Causas especiales y presagios de una revolución eclesiástica -- Teología alemana -- Lutero y la reforma alemana hasta la dieta de Augsburgo. | |
| 526 | _aSEG42 | ||
| 526 | _aSEG41 | ||
| 526 | _aSEG40 | ||
| 526 | _aSEG39 | ||
| 526 | _aP94 | ||
| 526 | _aP87 | ||
| 526 | _aP86 | ||
| 526 | _aP85 | ||
| 526 | _aP77 | ||
| 526 | _aP76 | ||
| 526 | _aP35 | ||
| 650 | 0 | 0 |
_aReforma _91623 |
| 942 |
_2ddc _cBOOK |
||
| 994 |
_aC0 _bPEPRU |
||
| 596 | _a1 | ||
| 999 |
_a270.6 F57 _wDEWEY _c42947 _i01973 _d42947 _e2017-11-23 _f2021-11-12 _g5 _lCCODEBUL1 _mBUL _n1 _p25.00 _q3 _r0 _sY _tBOOK _u2015-6-25 _xTEOLOGIA _PP35 _0COMPRA _o.STAFF. Colección Teología |
||
| 999 |
_a270.6 F57 _wDEWEY _c2 _i15405 _d2018-9-25 _f2019-12-11 _g4 _lDISCARD _mBUL _p25.00 _q1 _r0 _sY _tBOOK _u2015-6-25 _xTEOLOGIA _PP35 _0COMPRA _o.STAFF. Colección Teología |
||
| 999 |
_a270.6 F57 _wDEWEY _c3 _i24555 _d2018-9-25 _e2017-11-21 _f2021-11-11 _g5 _lCCODEBUL1 _mBUL _n15 _p25.00 _q1 _r0 _sY _tBOOK _u2015-6-25 _xTEOLOGIA _PP35 _0COMPRA _o.STAFF. Colección Teología |
||
| 999 |
_a270.6 F57 _wDEWEY _c4 _i00017 _d2019-6-17 _e2015-11-18 _f2019-12-11 _g4 _lDISCARD _mBUL _n1 _p25.00 _q1 _r0 _sY _tBOOK _u2015-6-25 _xTEOLOGIA _PP35 _0COMPRA _o.STAFF. Colección Teología |
||
| 999 |
_a270.6 F57 _wDEWEY _c5 _i01831 _d2018-9-27 _f2019-12-11 _g4 _lDISCARD _mBUL _p25.00 _q1 _r0 _sY _tBOOK _u2015-6-25 _xTEOLOGIA _PP35 _0COMPRA _o.STAFF. Colección Teología |
||
| 999 |
_a270.6 F57 _wDEWEY _c6 _i14249 _d2018-9-25 _f2019-12-11 _g4 _lDISCARD _mBUL _p25.00 _q2 _r0 _sY _tBOOK _u2015-6-25 _xTEOLOGIA _PP35 _0COMPRA _o.STAFF. Colección Teología |
||
| 980 |
_818226 _gJaime Vilcazán Jefe de Análisis Documental |
||